000 00682nam a2200229Ia 4500
003 OSt
005 20220923224157.0
006 a|||||r|||| 00| 0
007 ta
008 Pun
024 _a227,536
037 _cTextual
040 _aARTS
_cARTS
_bPun
041 _2Pun
_aPun
082 _aXM2v, 153N2
100 _aਚੰਦਨ, ਸਵਰਨ
245 0 _aਸਾਬਕਾ ਸਮਾਜਵਾਦੀ ਦੇਸ ਅਤੇ ਵਰਤਮਾਨ ਸੰਸਾਰ-ਦ੍ਰਿF
260 _aਦਿੱਲੀ
_b ਸੂਰਜ ਪ੍ਰਕਾFਨ
_c1992
300 _a94ਪੰ
_ccm.
942 _hXM2v, 153N2
_cTEXL
_2CC
999 _c369755
_d369755